{"text_format":"3","workbook":"xlsx","n_sheets":3,"sheets":["Übersicht","Bauabrechnung","Listen"],"not_rendered":{"defined_names":8},"read":"whole","date_system":"1900"}

{"sheet":"Übersicht","index":0,"n_rows":32,"n_cols":6,"rows_kept":32,"merged":[[0,0,0,6],[15,0,15,5],[31,1,31,6]]}
["Bauabrechnung"]
[]
["Projektdaten",null,null,"Kennzahlen"]
["Projektname","Neubau Einfamilienhaus – Musterprojekt",null,"Geplantes Budget",{"$f":"SUM(Bauabrechnung!I5:I200)","v":{"v":128530,"d":"128,530.00 €"}}]
["Bauherr","Familie Schneider",null,"Tatsächliche Kosten",{"$f":"SUM(Bauabrechnung!L5:L200)","v":{"v":80720,"d":"80,720.00 €"}}]
["Projektleiter","Anna Keller",null,"Offene Kosten",{"$f":"SUM(Bauabrechnung!M5:M200)","v":{"v":48915,"d":"48,915.00 €"}}]
["Baustelle / Adresse","Musterstraße 12, 80331 München",null,"Abweichung in €",{"$f":"E5-E4","v":{"v":-47810,"d":"-47,810.00 €"}}]
["Startdatum","15.01.2026",null,"Abweichung in %",{"$f":"IF(E4>0,E7/E4,\"\")","v":{"v":-0.3719754143001634,"d":"-37.2%"}}]
["Enddatum geplant","30.08.2026",null,"Anzahl offener Positionen",{"$f":"COUNTIFS(Bauabrechnung!P5:P200,\"<>\",Bauabrechnung!P5:P200,\"<>Abgeschlossen\",Bauabrechnung!P5:P200,\"<>Storniert\")","v":9}]
["Enddatum Ist",null,null,"Anzahl abgeschlossener Positionen",{"$f":"COUNTIF(Bauabrechnung!P5:P200,\"Abgeschlossen\")","v":3}]
["Budget gesamt",{"$f":"SUM(Bauabrechnung!I5:I200)","v":{"v":128530,"d":"128,530.00 €"}}]
["Reserve / Puffer",{"v":15000,"d":"15,000.00 €"}]
["MwSt-Satz",{"v":0.19,"d":"19.0%"}]
["Gesamtbudget inkl. Puffer",{"$f":"B11+B12","v":{"v":143530,"d":"143,530.00 €"}}]
[]
["Kostenübersicht nach Kategorie"]
["Kategorie","Budget","Ist-Kosten","Abweichung €","Abweichung %","Status"]
["Erdarbeiten",{"$f":"SUMIFS(Bauabrechnung!$I$5:$I$200,Bauabrechnung!$B$5:$B$200,$A18)","v":{"v":3840,"d":"3,840.00 €"}},{"$f":"SUMIFS(Bauabrechnung!$L$5:$L$200,Bauabrechnung!$B$5:$B$200,$A18)","v":{"v":3565,"d":"3,565.00 €"}},{"$f":"C18-B18","v":{"v":-275,"d":"-275.00 €"}},{"$f":"IF(B18>0,D18/B18,\"\")","v":{"v":-0.07161458333333333,"d":"-7.2%"}},{"$f":"IF(B18=0,\"\",IF(D18>B18*0.1,\"Über Budget\",IF(D18>0,\"Leicht über Budget\",\"Im Plan\")))","v":"Im Plan"}]
["Rohbau",{"$f":"SUMIFS(Bauabrechnung!$I$5:$I$200,Bauabrechnung!$B$5:$B$200,$A19)","v":{"v":23490,"d":"23,490.00 €"}},{"$f":"SUMIFS(Bauabrechnung!$L$5:$L$200,Bauabrechnung!$B$5:$B$200,$A19)","v":{"v":22105,"d":"22,105.00 €"}},{"v":-1385,"d":"-1,385.00 €"},{"v":-0.0589612601106854,"d":"-5.9%"},"Im Plan"]
["Dach",{"$f":"SUMIFS(Bauabrechnung!$I$5:$I$200,Bauabrechnung!$B$5:$B$200,$A20)","v":{"v":28500,"d":"28,500.00 €"}},{"$f":"SUMIFS(Bauabrechnung!$L$5:$L$200,Bauabrechnung!$B$5:$B$200,$A20)","v":{"v":23200,"d":"23,200.00 €"}},{"v":-5300,"d":"-5,300.00 €"},{"v":-0.18596491228070175,"d":"-18.6%"},"Im Plan"]
["Fassade",{"$f":"SUMIFS(Bauabrechnung!$I$5:$I$200,Bauabrechnung!$B$5:$B$200,$A21)","v":{"v":0,"d":"0.00 €"}},{"$f":"SUMIFS(Bauabrechnung!$L$5:$L$200,Bauabrechnung!$B$5:$B$200,$A21)","v":{"v":0,"d":"0.00 €"}},{"v":0,"d":"0.00 €"},"",""]
["Fenster und Türen",{"$f":"SUMIFS(Bauabrechnung!$I$5:$I$200,Bauabrechnung!$B$5:$B$200,$A22)","v":{"v":14760,"d":"14,760.00 €"}},{"$f":"SUMIFS(Bauabrechnung!$L$5:$L$200,Bauabrechnung!$B$5:$B$200,$A22)","v":{"v":15210,"d":"15,210.00 €"}},{"v":450,"d":"450.00 €"},{"v":0.03048780487804878,"d":"3.0%"},"Leicht über Budget"]
["Innenausbau",{"$f":"SUMIFS(Bauabrechnung!$I$5:$I$200,Bauabrechnung!$B$5:$B$200,$A23)","v":{"v":4370,"d":"4,370.00 €"}},{"$f":"SUMIFS(Bauabrechnung!$L$5:$L$200,Bauabrechnung!$B$5:$B$200,$A23)","v":{"v":1920,"d":"1,920.00 €"}},{"v":-2450,"d":"-2,450.00 €"},{"v":-0.5606407322654462,"d":"-56.1%"},"Im Plan"]
["Elektro",{"$f":"SUMIFS(Bauabrechnung!$I$5:$I$200,Bauabrechnung!$B$5:$B$200,$A24)","v":{"v":14200,"d":"14,200.00 €"}},{"$f":"SUMIFS(Bauabrechnung!$L$5:$L$200,Bauabrechnung!$B$5:$B$200,$A24)","v":{"v":9620,"d":"9,620.00 €"}},{"v":-4580,"d":"-4,580.00 €"},{"v":-0.32253521126760565,"d":"-32.3%"},"Im Plan"]
["Sanitär",{"$f":"SUMIFS(Bauabrechnung!$I$5:$I$200,Bauabrechnung!$B$5:$B$200,$A25)","v":{"v":9800,"d":"9,800.00 €"}},{"$f":"SUMIFS(Bauabrechnung!$L$5:$L$200,Bauabrechnung!$B$5:$B$200,$A25)","v":{"v":5100,"d":"5,100.00 €"}},{"v":-4700,"d":"-4,700.00 €"},{"v":-0.47959183673469385,"d":"-48.0%"},"Im Plan"]
["Heizung / Klima",{"$f":"SUMIFS(Bauabrechnung!$I$5:$I$200,Bauabrechnung!$B$5:$B$200,$A26)","v":{"v":16400,"d":"16,400.00 €"}},{"$f":"SUMIFS(Bauabrechnung!$L$5:$L$200,Bauabrechnung!$B$5:$B$200,$A26)","v":{"v":0,"d":"0.00 €"}},{"v":-16400,"d":"-16,400.00 €"},{"v":-1,"d":"-100.0%"},"Im Plan"]
["Bodenbeläge",{"$f":"SUMIFS(Bauabrechnung!$I$5:$I$200,Bauabrechnung!$B$5:$B$200,$A27)","v":{"v":3780,"d":"3,780.00 €"}},{"$f":"SUMIFS(Bauabrechnung!$L$5:$L$200,Bauabrechnung!$B$5:$B$200,$A27)","v":{"v":0,"d":"0.00 €"}},{"v":-3780,"d":"-3,780.00 €"},{"v":-1,"d":"-100.0%"},"Im Plan"]
["Malerarbeiten",{"$f":"SUMIFS(Bauabrechnung!$I$5:$I$200,Bauabrechnung!$B$5:$B$200,$A28)","v":{"v":3610,"d":"3,610.00 €"}},{"$f":"SUMIFS(Bauabrechnung!$L$5:$L$200,Bauabrechnung!$B$5:$B$200,$A28)","v":{"v":0,"d":"0.00 €"}},{"v":-3610,"d":"-3,610.00 €"},{"v":-1,"d":"-100.0%"},"Im Plan"]
["Außenanlagen",{"$f":"SUMIFS(Bauabrechnung!$I$5:$I$200,Bauabrechnung!$B$5:$B$200,$A29)","v":{"v":5780,"d":"5,780.00 €"}},{"$f":"SUMIFS(Bauabrechnung!$L$5:$L$200,Bauabrechnung!$B$5:$B$200,$A29)","v":{"v":0,"d":"0.00 €"}},{"v":-5780,"d":"-5,780.00 €"},{"v":-1,"d":"-100.0%"},"Im Plan"]
["Sonstiges",{"$f":"SUMIFS(Bauabrechnung!$I$5:$I$200,Bauabrechnung!$B$5:$B$200,$A30)","v":{"v":0,"d":"0.00 €"}},{"$f":"SUMIFS(Bauabrechnung!$L$5:$L$200,Bauabrechnung!$B$5:$B$200,$A30)","v":{"v":0,"d":"0.00 €"}},{"v":0,"d":"0.00 €"},"",""]
["Gesamt",{"$f":"SUM(B18:B30)","v":{"v":128530,"d":"128,530.00 €"}},{"$f":"SUM(C18:C30)","v":{"v":80720,"d":"80,720.00 €"}},{"$f":"SUM(D18:D30)","v":{"v":-47810,"d":"-47,810.00 €"}},{"v":-0.3719754143001634,"d":"-37.2%"},{"$f":"IF(D31>B31*0.1,\"Über Budget\",IF(D31>0,\"Leicht über Budget\",\"Im Plan\"))","v":"Im Plan"}]
["Hinweis","Die Übersicht aktualisiert sich automatisch aus der Tabelle „Bauabrechnung“."]

{"sheet":"Bauabrechnung","index":1,"n_rows":204,"n_cols":24,"rows_kept":204,"merged":[[0,0,0,23],[1,0,1,23],[203,0,203,23]]}
["Bauabrechnung / Baukostenplan"]
["Beispieldaten – Werte können direkt überschrieben oder ergänzt werden"]
[]
["Pos.-Nr.","Kategorie","Unterkategorie","Leistung / Bauteil","Beschreibung","Einheit","Menge geplant","Einheitspreis geplant (€)","Budget geplant (€)","Menge Ist","Einheitspreis Ist (€)","Ist-Kosten (€)","Offener Betrag (€)","Abweichung (€)","Abweichung (%)","Status","Verantwortlich","Lieferant / Firma","Rechnungsnummer","Rechnungsdatum","Fälligkeitsdatum","Bezahlt am","Zahlungsstatus","Kommentar"]
[1,"Erdarbeiten","Aushub","Baugrubenaushub","Aushub und Abtransport des Bodens","m³",{"v":120,"d":"120.00"},{"v":32,"d":"32.00 €"},{"$f":"IF($D5=\"\",\"\",IFERROR($G5*$H5,\"\"))","v":{"v":3840,"d":"3,840.00 €"}},{"v":115,"d":"115.00"},{"v":31,"d":"31.00 €"},{"$f":"IF($D5=\"\",\"\",IFERROR($J5*$K5,\"\"))","v":{"v":3565,"d":"3,565.00 €"}},{"$f":"IF($D5=\"\",\"\",MAX($I5-$L5,0))","v":{"v":275,"d":"275.00 €"}},{"$f":"IF($D5=\"\",\"\",IFERROR($L5-$I5,\"\"))","v":{"v":-275,"d":"-275.00 €"}},{"$f":"IF($D5=\"\",\"\",IF($I5>0,$N5/$I5,\"\"))","v":{"v":-0.07161458333333333,"d":"-7.2%"}},"Abgeschlossen","Max Bauer","Bau GmbH Süd","RG-2026-001","25.01.2026","24.02.2026","20.02.2026","Bezahlt","Abgerechnet unter Budget"]
[2,"Rohbau","Fundament","Streifenfundamente","Betonfundamente inkl. Schalung","m³",{"v":45,"d":"45.00"},{"v":210,"d":"210.00 €"},{"v":9450,"d":"9,450.00 €"},{"v":47,"d":"47.00"},{"v":215,"d":"215.00 €"},{"v":10105,"d":"10,105.00 €"},{"v":0,"d":"0.00 €"},{"v":655,"d":"655.00 €"},{"v":0.06931216931216931,"d":"6.9%"},"Abgeschlossen","Anna Keller","Bau GmbH Süd","RG-2026-004","10.02.2026","12.03.2026","10.03.2026","Bezahlt","Leichte Mehrmenge"]
[3,"Rohbau","Mauerwerk","Außenwände EG","Mauerwerk Kalksandstein","m²",{"v":180,"d":"180.00"},{"v":78,"d":"78.00 €"},{"v":14040,"d":"14,040.00 €"},{"v":150,"d":"150.00"},{"v":80,"d":"80.00 €"},{"v":12000,"d":"12,000.00 €"},{"v":2040,"d":"2,040.00 €"},{"v":-2040,"d":"-2,040.00 €"},{"v":-0.1452991452991453,"d":"-14.5%"},"Teilweise erledigt","Anna Keller","Bau GmbH Süd","RG-2026-009","05.03.2026","04.04.2026",null,"Teilbezahlt","Restleistung im April"]
[4,"Dach","Dachdeckung","Dachstuhl und Eindeckung","Holzkonstruktion und Ziegel","Pauschal",{"v":1,"d":"1.00"},{"v":28500,"d":"28,500.00 €"},{"v":28500,"d":"28,500.00 €"},{"v":0.8,"d":"0.80"},{"v":29000,"d":"29,000.00 €"},{"v":23200,"d":"23,200.00 €"},{"v":5300,"d":"5,300.00 €"},{"v":-5300,"d":"-5,300.00 €"},{"v":-0.18596491228070175,"d":"-18.6%"},"In Bearbeitung","Lukas Meier","Dach Profi GmbH","RG-2026-012","12.03.2026","11.04.2026",null,"Offen","Schlussrechnung ausstehend"]
[5,"Fenster und Türen","Dämmung","Fensterlieferung","Kunststofffenster 3-fach verglast","Stk",{"v":18,"d":"18.00"},{"v":820,"d":"820.00 €"},{"v":14760,"d":"14,760.00 €"},{"v":18,"d":"18.00"},{"v":845,"d":"845.00 €"},{"v":15210,"d":"15,210.00 €"},{"v":0,"d":"0.00 €"},{"v":450,"d":"450.00 €"},{"v":0.03048780487804878,"d":"3.0%"},"Abgeschlossen","Sophie Lang","Fenstertechnik Nord","RG-2026-015","08.03.2026","07.04.2026","28.03.2026","Bezahlt","Mehrpreis wegen Sondermaß"]
[6,"Elektro","Verkabelung","Rohinstallation Elektro","Kabel, Dosen und Verteiler","Pauschal",{"v":1,"d":"1.00"},{"v":14200,"d":"14,200.00 €"},{"v":14200,"d":"14,200.00 €"},0.65,{"v":14800,"d":"14,800.00 €"},{"v":9620,"d":"9,620.00 €"},{"v":4580,"d":"4,580.00 €"},{"v":-4580,"d":"-4,580.00 €"},{"v":-0.32253521126760565,"d":"-32.3%"},"In Bearbeitung","Lukas Meier","Elektro Stark AG","RG-2026-018","14.03.2026","01.04.2026",null,"Überfällig","60–70 % Fortschritt"]
[7,"Sanitär","Armaturen","Sanitär Rohinstallation","Leitungen und Anschlüsse","Pauschal",{"v":1,"d":"1.00"},{"v":9800,"d":"9,800.00 €"},{"v":9800,"d":"9,800.00 €"},{"v":0.5,"d":"0.50"},{"v":10200,"d":"10,200.00 €"},{"v":5100,"d":"5,100.00 €"},{"v":4700,"d":"4,700.00 €"},{"v":-4700,"d":"-4,700.00 €"},{"v":-0.47959183673469385,"d":"-48.0%"},"Beauftragt","Sophie Lang","Sanitär Huber GmbH",{"$nulls":4},"Offen","Start nächste Woche"]
[8,"Heizung / Klima","Heizkörper","Wärmepumpe","Lieferung und Montage Wärmepumpe","Stk",{"v":1,"d":"1.00"},{"v":16400,"d":"16,400.00 €"},{"v":16400,"d":"16,400.00 €"},{"v":0,"d":"0.00"},{"v":0,"d":"0.00 €"},{"v":0,"d":"0.00 €"},{"v":16400,"d":"16,400.00 €"},{"v":-16400,"d":"-16,400.00 €"},{"v":-1,"d":"-100.0%"},"Beauftragt","Tobias Frei","Sanitär Huber GmbH",{"$nulls":4},"Offen","Anzahlung noch offen"]
[9,"Innenausbau","Trockenbau","Innenwände OG","Metallständerwände mit Beplankung","m²",{"v":95,"d":"95.00"},{"v":46,"d":"46.00 €"},{"v":4370,"d":"4,370.00 €"},{"v":40,"d":"40.00"},{"v":48,"d":"48.00 €"},{"v":1920,"d":"1,920.00 €"},{"v":2450,"d":"2,450.00 €"},{"v":-2450,"d":"-2,450.00 €"},{"v":-0.5606407322654462,"d":"-56.1%"},"In Bearbeitung","Max Bauer","Bau GmbH Süd","RG-2026-021","18.03.2026","17.04.2026",null,"Teilbezahlt","Zusätzliche Schallschutzanforderung"]
[10,"Bodenbeläge","Estrich","Zementestrich EG","Estrich inkl. Randdämmstreifen","m²",{"v":140,"d":"140.00"},{"v":27,"d":"27.00 €"},{"v":3780,"d":"3,780.00 €"},{"v":0,"d":"0.00"},{"v":0,"d":"0.00 €"},{"v":0,"d":"0.00 €"},{"v":3780,"d":"3,780.00 €"},{"v":-3780,"d":"-3,780.00 €"},{"v":-1,"d":"-100.0%"},"Nicht begonnen","Anna Keller","Bau GmbH Süd",{"$nulls":4},"Offen","Geplant für Mai"]
[11,"Malerarbeiten","Anstrich","Innenanstrich","Grundierung und Endanstrich","m²",{"v":380,"d":"380.00"},{"v":9.5,"d":"9.50 €"},{"v":3610,"d":"3,610.00 €"},{"v":0,"d":"0.00"},{"v":0,"d":"0.00 €"},{"v":0,"d":"0.00 €"},{"v":3610,"d":"3,610.00 €"},{"v":-3610,"d":"-3,610.00 €"},{"v":-1,"d":"-100.0%"},"Nicht begonnen","Sophie Lang","Maler Weiss KG",{"$nulls":4},"Offen","Angebot bestätigt"]
[12,"Außenanlagen","Gartenbau","Pflasterarbeiten Zufahrt","Unterbau und Betonpflaster","m²",{"v":85,"d":"85.00"},{"v":68,"d":"68.00 €"},{"v":5780,"d":"5,780.00 €"},{"v":0,"d":"0.00"},{"v":0,"d":"0.00 €"},{"v":0,"d":"0.00 €"},{"v":5780,"d":"5,780.00 €"},{"v":-5780,"d":"-5,780.00 €"},{"v":-1,"d":"-100.0%"},"Nicht begonnen","Tobias Frei","Gartenbau Grün",{"$nulls":4},"Offen","Ausführung nach Fassadenarbeiten"]
[{"$nulls":8},"",null,null,"","","",""]
[{"$nulls":8},"",null,null,"","","",""]
[{"$nulls":8},"",null,null,"","","",""]
[{"$nulls":8},"",null,null,"","","",""]
[{"$nulls":8},"",null,null,"","","",""]
[{"$nulls":8},"",null,null,"","","",""]
[{"$nulls":8},"",null,null,"","","",""]
[{"$nulls":8},"",null,null,"","","",""]
[{"$nulls":8},"",null,null,"","","",""]
[{"$nulls":8},"",null,null,"","","",""]
[{"$nulls":8},"",null,null,"","","",""]
[{"$nulls":8},"",null,null,"","","",""]
[{"$nulls":8},"",null,null,"","","",""]
[{"$nulls":8},"",null,null,"","","",""]
[{"$nulls":8},"",null,null,"","","",""]
[{"$nulls":8},"",null,null,"","","",""]
[{"$nulls":8},"",null,null,"","","",""]
[{"$nulls":8},"",null,null,"","","",""]
[{"$nulls":8},"",null,null,"","","",""]
[{"$nulls":8},"",null,null,"","","",""]
[{"$nulls":8},{"$f":"IF($D37=\"\",\"\",IFERROR($G37*$H37,\"\"))","v":""},null,null,{"$f":"IF($D37=\"\",\"\",IFERROR($J37*$K37,\"\"))","v":""},{"$f":"IF($D37=\"\",\"\",MAX($I37-$L37,0))","v":""},{"$f":"IF($D37=\"\",\"\",IFERROR($L37-$I37,\"\"))","v":""},{"$f":"IF($D37=\"\",\"\",IF($I37>0,$N37/$I37,\"\"))","v":""}]
[{"$nulls":8},"",null,null,"","","",""]
[{"$nulls":8},"",null,null,"","","",""]
[{"$nulls":8},"",null,null,"","","",""]
[{"$nulls":8},"",null,null,"","","",""]
[{"$nulls":8},"",null,null,"","","",""]
[{"$nulls":8},"",null,null,"","","",""]
[{"$nulls":8},"",null,null,"","","",""]
[{"$nulls":8},"",null,null,"","","",""]
[{"$nulls":8},"",null,null,"","","",""]
[{"$nulls":8},"",null,null,"","","",""]
[{"$nulls":8},"",null,null,"","","",""]
[{"$nulls":8},"",null,null,"","","",""]
[{"$nulls":8},"",null,null,"","","",""]
[{"$nulls":8},"",null,null,"","","",""]
[{"$nulls":8},"",null,null,"","","",""]
[{"$nulls":8},"",null,null,"","","",""]
[{"$nulls":8},"",null,null,"","","",""]
[{"$nulls":8},"",null,null,"","","",""]
[{"$nulls":8},"",null,null,"","","",""]
[{"$nulls":8},"",null,null,"","","",""]
[{"$nulls":8},"",null,null,"","","",""]
[{"$nulls":8},"",null,null,"","","",""]
[{"$nulls":8},"",null,null,"","","",""]
[{"$nulls":8},"",null,null,"","","",""]
[{"$nulls":8},"",null,null,"","","",""]
[{"$nulls":8},"",null,null,"","","",""]
[{"$nulls":8},"",null,null,"","","",""]
[{"$nulls":8},"",null,null,"","","",""]
[{"$nulls":8},"",null,null,"","","",""]
[{"$nulls":8},"",null,null,"","","",""]
[{"$nulls":8},"",null,null,"","","",""]
[{"$nulls":8},{"$f":"IF($D69=\"\",\"\",IFERROR($G69*$H69,\"\"))","v":""},null,null,{"$f":"IF($D69=\"\",\"\",IFERROR($J69*$K69,\"\"))","v":""},{"$f":"IF($D69=\"\",\"\",MAX($I69-$L69,0))","v":""},{"$f":"IF($D69=\"\",\"\",IFERROR($L69-$I69,\"\"))","v":""},{"$f":"IF($D69=\"\",\"\",IF($I69>0,$N69/$I69,\"\"))","v":""}]
[{"$nulls":8},"",null,null,"","","",""]
[{"$nulls":8},"",null,null,"","","",""]
[{"$nulls":8},"",null,null,"","","",""]
[{"$nulls":8},"",null,null,"","","",""]
[{"$nulls":8},"",null,null,"","","",""]
[{"$nulls":8},"",null,null,"","","",""]
[{"$nulls":8},"",null,null,"","","",""]
[{"$nulls":8},"",null,null,"","","",""]
[{"$nulls":8},"",null,null,"","","",""]
[{"$nulls":8},"",null,null,"","","",""]
[{"$nulls":8},"",null,null,"","","",""]
[{"$nulls":8},"",null,null,"","","",""]
[{"$nulls":8},"",null,null,"","","",""]
[{"$nulls":8},"",null,null,"","","",""]
[{"$nulls":8},"",null,null,"","","",""]
[{"$nulls":8},"",null,null,"","","",""]
[{"$nulls":8},"",null,null,"","","",""]
[{"$nulls":8},"",null,null,"","","",""]
[{"$nulls":8},"",null,null,"","","",""]
[{"$nulls":8},"",null,null,"","","",""]
[{"$nulls":8},"",null,null,"","","",""]
[{"$nulls":8},"",null,null,"","","",""]
[{"$nulls":8},"",null,null,"","","",""]
[{"$nulls":8},"",null,null,"","","",""]
[{"$nulls":8},"",null,null,"","","",""]
[{"$nulls":8},"",null,null,"","","",""]
[{"$nulls":8},"",null,null,"","","",""]
[{"$nulls":8},"",null,null,"","","",""]
[{"$nulls":8},"",null,null,"","","",""]
[{"$nulls":8},"",null,null,"","","",""]
[{"$nulls":8},"",null,null,"","","",""]
[{"$nulls":8},{"$f":"IF($D101=\"\",\"\",IFERROR($G101*$H101,\"\"))","v":""},null,null,{"$f":"IF($D101=\"\",\"\",IFERROR($J101*$K101,\"\"))","v":""},{"$f":"IF($D101=\"\",\"\",MAX($I101-$L101,0))","v":""},{"$f":"IF($D101=\"\",\"\",IFERROR($L101-$I101,\"\"))","v":""},{"$f":"IF($D101=\"\",\"\",IF($I101>0,$N101/$I101,\"\"))","v":""}]
[{"$nulls":8},"",null,null,"","","",""]
[{"$nulls":8},"",null,null,"","","",""]
[{"$nulls":8},"",null,null,"","","",""]
[{"$nulls":8},"",null,null,"","","",""]
[{"$nulls":8},"",null,null,"","","",""]
[{"$nulls":8},"",null,null,"","","",""]
[{"$nulls":8},"",null,null,"","","",""]
[{"$nulls":8},"",null,null,"","","",""]
[{"$nulls":8},"",null,null,"","","",""]
[{"$nulls":8},"",null,null,"","","",""]
[{"$nulls":8},"",null,null,"","","",""]
[{"$nulls":8},"",null,null,"","","",""]
[{"$nulls":8},"",null,null,"","","",""]
[{"$nulls":8},"",null,null,"","","",""]
[{"$nulls":8},"",null,null,"","","",""]
[{"$nulls":8},"",null,null,"","","",""]
[{"$nulls":8},"",null,null,"","","",""]
[{"$nulls":8},"",null,null,"","","",""]
[{"$nulls":8},"",null,null,"","","",""]
[{"$nulls":8},"",null,null,"","","",""]
[{"$nulls":8},"",null,null,"","","",""]
[{"$nulls":8},"",null,null,"","","",""]
[{"$nulls":8},"",null,null,"","","",""]
[{"$nulls":8},"",null,null,"","","",""]
[{"$nulls":8},"",null,null,"","","",""]
[{"$nulls":8},"",null,null,"","","",""]
[{"$nulls":8},"",null,null,"","","",""]
[{"$nulls":8},"",null,null,"","","",""]
[{"$nulls":8},"",null,null,"","","",""]
[{"$nulls":8},"",null,null,"","","",""]
[{"$nulls":8},"",null,null,"","","",""]
[{"$nulls":8},{"$f":"IF($D133=\"\",\"\",IFERROR($G133*$H133,\"\"))","v":""},null,null,{"$f":"IF($D133=\"\",\"\",IFERROR($J133*$K133,\"\"))","v":""},{"$f":"IF($D133=\"\",\"\",MAX($I133-$L133,0))","v":""},{"$f":"IF($D133=\"\",\"\",IFERROR($L133-$I133,\"\"))","v":""},{"$f":"IF($D133=\"\",\"\",IF($I133>0,$N133/$I133,\"\"))","v":""}]
[{"$nulls":8},"",null,null,"","","",""]
[{"$nulls":8},"",null,null,"","","",""]
[{"$nulls":8},"",null,null,"","","",""]
[{"$nulls":8},"",null,null,"","","",""]
[{"$nulls":8},"",null,null,"","","",""]
[{"$nulls":8},"",null,null,"","","",""]
[{"$nulls":8},"",null,null,"","","",""]
[{"$nulls":8},"",null,null,"","","",""]
[{"$nulls":8},"",null,null,"","","",""]
[{"$nulls":8},"",null,null,"","","",""]
[{"$nulls":8},"",null,null,"","","",""]
[{"$nulls":8},"",null,null,"","","",""]
[{"$nulls":8},"",null,null,"","","",""]
[{"$nulls":8},"",null,null,"","","",""]
[{"$nulls":8},"",null,null,"","","",""]
[{"$nulls":8},"",null,null,"","","",""]
[{"$nulls":8},"",null,null,"","","",""]
[{"$nulls":8},"",null,null,"","","",""]
[{"$nulls":8},"",null,null,"","","",""]
[{"$nulls":8},"",null,null,"","","",""]
[{"$nulls":8},"",null,null,"","","",""]
[{"$nulls":8},"",null,null,"","","",""]
[{"$nulls":8},"",null,null,"","","",""]
[{"$nulls":8},"",null,null,"","","",""]
[{"$nulls":8},"",null,null,"","","",""]
[{"$nulls":8},"",null,null,"","","",""]
[{"$nulls":8},"",null,null,"","","",""]
[{"$nulls":8},"",null,null,"","","",""]
[{"$nulls":8},"",null,null,"","","",""]
[{"$nulls":8},"",null,null,"","","",""]
[{"$nulls":8},"",null,null,"","","",""]
[{"$nulls":8},{"$f":"IF($D165=\"\",\"\",IFERROR($G165*$H165,\"\"))","v":""},null,null,{"$f":"IF($D165=\"\",\"\",IFERROR($J165*$K165,\"\"))","v":""},{"$f":"IF($D165=\"\",\"\",MAX($I165-$L165,0))","v":""},{"$f":"IF($D165=\"\",\"\",IFERROR($L165-$I165,\"\"))","v":""},{"$f":"IF($D165=\"\",\"\",IF($I165>0,$N165/$I165,\"\"))","v":""}]
[{"$nulls":8},"",null,null,"","","",""]
[{"$nulls":8},"",null,null,"","","",""]
[{"$nulls":8},"",null,null,"","","",""]
[{"$nulls":8},"",null,null,"","","",""]
[{"$nulls":8},"",null,null,"","","",""]
[{"$nulls":8},"",null,null,"","","",""]
[{"$nulls":8},"",null,null,"","","",""]
[{"$nulls":8},"",null,null,"","","",""]
[{"$nulls":8},"",null,null,"","","",""]
[{"$nulls":8},"",null,null,"","","",""]
[{"$nulls":8},"",null,null,"","","",""]
[{"$nulls":8},"",null,null,"","","",""]
[{"$nulls":8},"",null,null,"","","",""]
[{"$nulls":8},"",null,null,"","","",""]
[{"$nulls":8},"",null,null,"","","",""]
[{"$nulls":8},"",null,null,"","","",""]
[{"$nulls":8},"",null,null,"","","",""]
[{"$nulls":8},"",null,null,"","","",""]
[{"$nulls":8},"",null,null,"","","",""]
[{"$nulls":8},"",null,null,"","","",""]
[{"$nulls":8},"",null,null,"","","",""]
[{"$nulls":8},"",null,null,"","","",""]
[{"$nulls":8},"",null,null,"","","",""]
[{"$nulls":8},"",null,null,"","","",""]
[{"$nulls":8},"",null,null,"","","",""]
[{"$nulls":8},"",null,null,"","","",""]
[{"$nulls":8},"",null,null,"","","",""]
[{"$nulls":8},"",null,null,"","","",""]
[{"$nulls":8},"",null,null,"","","",""]
[{"$nulls":8},"",null,null,"","","",""]
[{"$nulls":8},"",null,null,"","","",""]
[{"$nulls":8},"",null,null,"","","",""]
[{"$nulls":8},"",null,null,"","","",""]
[{"$nulls":8},"",null,null,"","","",""]
[{"$nulls":8},"",null,null,"","","",""]
[]
["Gesamtsumme",{"$nulls":7},{"$f":"SUM(I5:I200)","v":{"v":128530,"d":"128,530.00 €"}},null,null,{"$f":"SUM(L5:L200)","v":{"v":80720,"d":"80,720.00 €"}},{"$f":"SUM(M5:M200)","v":{"v":48915,"d":"48,915.00 €"}},{"$f":"SUM(N5:N200)","v":{"v":-47810,"d":"-47,810.00 €"}},{"$f":"IF(I202>0,N202/I202,\"\")","v":{"v":-0.3719754143001634,"d":"-37.2%"}}]
[]
["Hinweis: In weißen Feldern können Werte direkt eingegeben werden. Graue Felder enthalten Formeln."]

{"sheet":"Listen","index":2,"n_rows":19,"n_cols":7,"rows_kept":19}
["Kategorien","Unterkategorien","Einheiten","Status","Zahlungsstatus","Verantwortlich","Lieferant / Firma"]
["Erdarbeiten","Aushub","Stk","Nicht begonnen","Offen","Max Bauer","Bau GmbH Süd"]
["Rohbau","Fundament","m","In Bearbeitung","Teilbezahlt","Anna Keller","Elektro Stark AG"]
["Dach","Betonarbeiten","m²","Beauftragt","Bezahlt","Lukas Meier","Sanitär Huber GmbH"]
["Fassade","Mauerwerk","m³","Teilweise erledigt","Überfällig","Sophie Lang","Maler Weiss KG"]
["Fenster und Türen","Dämmung","Std","Abgeschlossen",null,"Tobias Frei","Dach Profi GmbH"]
["Innenausbau","Abdichtung","Pauschal","Storniert",null,null,"Fenstertechnik Nord"]
["Elektro","Dachdeckung",{"$nulls":4},"Gartenbau Grün"]
["Sanitär","Putz"]
["Heizung / Klima","Estrich"]
["Bodenbeläge","Trockenbau"]
["Malerarbeiten","Verkabelung"]
["Außenanlagen","Beleuchtung"]
["Sonstiges","Armaturen"]
[null,"Heizkörper"]
[null,"Fliesen"]
[null,"Anstrich"]
[null,"Gartenbau"]
[null,"Reserve"]